El Archivo del Consulado de Mar y el de la Real Junta de Comercio de Barcelona : sus restos / Agustín Palau Claveras sus restos / Agustín Palau Claveras
Descripción Física:
11 p., [2] p. d'il. ; 24 cm
MARC
| LEADER | 00000nam a2200000Ia 4500 | ||
|---|---|---|---|
| 001 | 11425 | ||
| 008 | 160829s1943 xx 000 0 cat d | ||
| 080 | |a FU-12-89 | ||
| 100 | |a Palau Claveras, Agustín |9 31873 | ||
| 245 | |a El Archivo del Consulado de Mar y el de la Real Junta de Comercio de Barcelona : |b sus restos / Agustín Palau Claveras | ||
| 260 | |a Barcelona : |b (Imp. Casa de Caritat), |c 1943 | ||
| 300 | |a 11 p., [2] p. d'il. ; |c 24 cm | ||
| 650 | |a Consulat de Mar (Barcelona) |x Arxius |9 31874 | ||
| 650 | |a Real Junta de Comercio del Principado de Cataluña |x Arxius |9 31875 | ||
| 650 | |a Catalunya |x Comerç |x Història |x Fonts |9 31876 | ||
| 856 | 4 | |u https://media.diba.cat/diba/fitxers/arxiu/fulletons/bib_11425_baixa.pdf |y Accés lliure | |
| 856 | 4 | |u https://media.diba.cat/diba/fitxers/arxiu/fulletons/bib_11425_baixa.pdf |y Accés lliure | |
| 901 | |a Arxiu | ||
| 942 | |n 1 |2 udc | ||
| 952 | |0 0 |1 0 |4 0 |6 FU1289 |7 1 |9 45788 |a Arxiu |b Arxiu |d 2016-12-01 |l 0 |o FU-12-89 |p 11425 |r 2016-12-01 00:00:00 |w 2016-12-01 |y ARXIU | ||
| 999 | |c 49288 |d 49288 | ||
| 900 | |a bib_11425_baixa.pdf | ||